00349nam a22001457a 450000500170000002000180001704100120003508200160004710000140006324500750007725000070015226000240015930000080018336500120019120260323115651.0 a9788199080416 aEnglish aT16 R25 RAJ aRajan P K aPuratchiyil Porul Varalaattru Maattrangalin Poruliyal Adippadai Vol m2 a01 aChennaibNCBHc2025 a684 b1200.00